|
|
|
|
| LEADER |
01904nam a2200421 i 4500 |
| 001 |
EBC5787100 |
| 003 |
MiAaPQ |
| 005 |
20200520144314.0 |
| 006 |
m o d | |
| 007 |
cr cnu|||||||| |
| 008 |
190625s2019 gw a ob 001 0 ger d |
| 020 |
|
|
|z 9783110583090
|
| 020 |
|
|
|a 9783110586213 (e-book)
|
| 035 |
|
|
|a (MiAaPQ)EBC5787100
|
| 035 |
|
|
|a (Au-PeEL)EBL5787100
|
| 035 |
|
|
|a (OCoLC)1091668336
|
| 040 |
|
|
|a MiAaPQ
|b eng
|e rda
|e pn
|c MiAaPQ
|d MiAaPQ
|
| 050 |
|
4 |
|a PT2051
|b .M459 2019
|
| 082 |
0 |
|
|a 831.6
|2 23
|
| 100 |
1 |
|
|a Meixner, Sebastian,
|e author.
|
| 245 |
1 |
0 |
|a Narratologie und Epistemologie :
|b Studien zu Goethes fruhen Erzahlungen /
|c Sebastian Meixner.
|
| 264 |
|
1 |
|a Berlin ;
|a Boston :
|b De Gruyter,
|c [2019]
|
| 264 |
|
4 |
|c 2019
|
| 300 |
|
|
|a 1 online resource (vii, 412 pages) :
|b illustrations.
|
| 336 |
|
|
|a text
|b txt
|2 rdacontent
|
| 337 |
|
|
|a computer
|b c
|2 rdamedia
|
| 338 |
|
|
|a online resource
|b cr
|2 rdacarrier
|
| 490 |
1 |
|
|a Studien zur deutschen Literatur ;
|v Band 219
|
| 504 |
|
|
|a Includes bibliographical references (pages [385]-410) and indexes.
|
| 588 |
|
|
|a Description based on print version record.
|
| 590 |
|
|
|a Electronic reproduction. Ann Arbor, MI : ProQuest, 2018. Available via World Wide Web. Access may be limited to ProQuest affiliated libraries.
|
| 600 |
1 |
0 |
|a Goethe, Johann Wolfgang von,
|d 1749-1832.
|
| 650 |
|
0 |
|a German literature
|y 18th century
|x History and criticism.
|
| 655 |
|
4 |
|a Electronic books.
|
| 776 |
0 |
8 |
|i Print version:
|a Meixner, Sebastian.
|t Narratologie und Epistemologie : Studien zu Goethes fruhen Erzahlungen.
|d Berlin ; Boston : De Gruyter, c2019
|h vii, 412 pages
|k Studien zur deutschen Literatur ; Band 219.
|z 9783110583090
|w (DLC) 2018965128
|
| 797 |
2 |
|
|a ProQuest (Firm)
|
| 830 |
|
0 |
|a Studien zur deutschen Literatur ;
|v Band 219.
|
| 856 |
4 |
0 |
|u https://ebookcentral.proquest.com/lib/matrademy/detail.action?docID=5787100
|z Click to View
|